Sử dụng thành thạo các công cụ vẽ trong coreidraw II

Enregistré dans:
Détails bibliographiques
Auteur principal: Lê, Bá An
Format: Livre
Publié: Hà Nội Thống kê 2003
Sujets:
Tags: Ajouter un tag
Pas de tags, Soyez le premier à ajouter un tag!
Thư viện lưu trữ: Trung tâm Học liệu Lê Vũ Hùng, Trường Đại học Đồng Tháp
LEADER 00793pam a22002898a 4500
001 00037432
005 20171026081023.0
008 170512s2003 ||||||Viesd
041 0 # |a Vie 
082 1 4 |a 006.6  |b S550D 
100 1 # |a Lê, Bá An 
245 1 0 |a Sử dụng thành thạo các công cụ vẽ trong coreidraw II  |c Lê Bá An 
260 # # |a Hà Nội  |b Thống kê  |c 2003 
300 # # |a 162tr  |c 22cm. 
653 # # |a coreidraw II 
653 # # |a công cụ vẽ 
852 # # |b Kho mượn  |j KM.0022235 
852 # # |b Kho đọc  |j KD.0021157 
852 # # |j KD.0021157  |j KM.0022235 
910 |d 12/05/2017 
980 # # |a Trung tâm Học liệu Lê Vũ Hùng, Trường Đại học Đồng Tháp